000 00735cam a22002533a 4500
001 1536
003 PGUSA
005 20140828083002.0
008 981101s1998||||xxu|||||s|||||000 | eng d
040 _aPGUSA
_beng
042 _adc
050 4 _aPR
100 1 _aShakespeare, William,
_d1564-1616
245 1 4 _aThe Life of Timon of Athens
_h[electronic resource] /
_cWilliam Shakespeare
260 _bProject Gutenberg,
_c1998
506 _aPublic domain in the USA.
516 _aElectronic text
653 _aTragedies
653 _aAthens (Greece) -- Drama
653 _aTimon of Athens (Legendary character) -- Drama
830 0 _aProject Gutenberg
_v1536
856 4 0 _uhttp://www.gutenberg.org/ebooks/1536
942 _cEB
999 _c230884
_d230884